000 00436nam a2200181Ia 4500
005 20250423101712.0
008 250422s9999 xx 000 0 und d
020 _a0-385-41116-2
050 _aLB15712nd.W47
100 _aE. D. Hirsch jr.
245 0 _aWhat Your 2nd Frader Needs to Know
260 _aNew York
260 _bDouble Day
260 _c1991
300 _a309 p
650 _aSecond Grade (Education)
942 _cBK
999 _c37025
_d37025